000 01081cam a22002891 4500
001 27921
003 BD-RjUL
005 20211209051222.0
008 160712s1964 pk 000 0 ara d
035 _a(BD-RjUL)28002
035 _a(OCoLC)16533819
040 _aDLC
_cWaU
_dDLC
_dBD-RjUL
_beng
041 1 _aeng
_hper
082 0 4 _a954.022
_bSAT 1964
100 0 _aʻAbbās Khān Sarvānī,
_dactive 1579.
_985633
245 1 4 _aThe Tārīk̲h̲-i-S̲h̲er S̲h̲āhī of ʻAbbās K̲h̲ān Sarwānī /
_cedited and translated into English with a critical introd., annotations, and geographical and historical notes, by S.M. Imān al-Dīn.
260 _aDacca :
_bUniversity of Dhaka,
_c1964 .
300 _a239 p. ;
_c25 cm.
490 1 _aDacca University publication
_vno. 30
500 _aVol. 1 has added t. p.
505 0 _av. 1. Persian text.
600 0 0 _aSher Shah,
_cSultan of Delhi,
_d-1545.
_9135097
651 0 _aDelhi (Sultanate)
_xPolitics and government.
_979296
700 1 _aImamuddin, S. M.,
_eed. and tr.
_93473
942 _2ddc
_cBK
999 _c27921
_d27921